<?xml version="1.0" encoding="UTF-8"?>
<collection xmlns="http://www.loc.gov/MARC21/slim">
<record>
  <controlfield tag="001">111428</controlfield>
  <controlfield tag="005">20220309093118.0</controlfield>
  <datafield tag="037" ind1=" " ind2=" ">
    <subfield code="a">TAZ-TFG-2020-766</subfield>
  </datafield>
  <datafield tag="041" ind1=" " ind2=" ">
    <subfield code="a">spa</subfield>
  </datafield>
  <datafield tag="100" ind1="1" ind2=" ">
    <subfield code="a">SÁNCHEZ BILBAO, LEIRE</subfield>
  </datafield>
  <datafield tag="242" ind1="0" ind2="0">
    <subfield code="a">CAUDAL REGRESSION SYNDROME: BIBLIOGRAPHIC REVIEW</subfield>
  </datafield>
  <datafield tag="245" ind1="0" ind2="0">
    <subfield code="a">SÍNDROME DE REGRESIÓN CAUDAL: REVISIÓN BIBLIOGRÁFICA</subfield>
  </datafield>
  <datafield tag="260" ind1=" " ind2=" ">
    <subfield code="a">Zaragoza</subfield>
    <subfield code="b">Universidad de Zaragoza</subfield>
    <subfield code="c">2020</subfield>
  </datafield>
  <datafield tag="506" ind1=" " ind2=" ">
    <subfield code="a">by-nc-sa</subfield>
    <subfield code="b">Creative Commons</subfield>
    <subfield code="c">3.0</subfield>
    <subfield code="u">http://creativecommons.org/licenses/by-nc-sa/3.0/</subfield>
  </datafield>
  <datafield tag="520" ind1=" " ind2=" ">
    <subfield code="a">El Síndrome de Regresión Caudal (SRC) es un síndrome inusual que engloba un amplio espectro de malformaciones musculoesqueléticas y viscerales. Dentro de este se pueden encontrar desde malformaciones anorrectales aisladas, agenesia sacra, incluso el extremo más severo, la sirenomelia, en el que sistemas como el genitourinario o el gastrointestinal se ven involucrados, y las extremidades inferiores aparecen fusionadas. Lo más frecuente es el hallazgo de una agenesia sacra combinada con otras malformaciones, que bien podrán ser parte de este o de otro síndrome. Es por eso que muchos autores coinciden en llamar al síndrome de regresión caudal como agenesia sacra.&lt;br />Entre los factores que han sido establecidos como posibles causantes de este síndrome se encuentran la diabetes materna, la depleción sanguínea y las causas genéticas y medioambientales, siendo la diabetes mellitus la más fuertemente asociada, aunque ningún estudio ha arrojado resultados concluyentes acerca de una causa concreta.&lt;br />En el reconocimiento del SRC es imprescindible la identificación de las anomalías que componen este síndrome como son las vertebrales, urogenitales, anorrectales y las malformaciones de las extremidades inferiores, diagnosticándolas preferentemente durante el periodo prenatal y realizando un correcto diagnóstico diferencial con otras patologías como el Síndrome de Currarino, el complejo OEIS o la asociación VACTERL.&lt;br />Un tratamiento precoz y coordinado, favorecido con un diagnóstico prenatal, modificará el pronóstico de estos pacientes, pudiendo alcanzar en algunos casos, dependiendo de las malformaciones y comorbilidades asociadas en cada caso, la deambulación independiente y una esperanza de vida normal.&lt;br />Palabras clave: "Síndrome de Regresión Caudal", "SRC", "Displasia caudal", "Agenesia sacra" "Sirenomelia", "Diabetes Materna".&lt;br />&lt;br /></subfield>
  </datafield>
  <datafield tag="521" ind1=" " ind2=" ">
    <subfield code="a">Graduado en Medicina</subfield>
  </datafield>
  <datafield tag="540" ind1=" " ind2=" ">
    <subfield code="a">Derechos regulados por licencia Creative Commons</subfield>
  </datafield>
  <datafield tag="700" ind1=" " ind2=" ">
    <subfield code="a">CISNEROS GIMENO, ANA ISABEL</subfield>
    <subfield code="e">dir.</subfield>
  </datafield>
  <datafield tag="710" ind1="2" ind2=" ">
    <subfield code="a">Universidad de Zaragoza</subfield>
    <subfield code="b">Anatomía e Histología Humanas</subfield>
    <subfield code="c"></subfield>
  </datafield>
  <datafield tag="856" ind1="0" ind2=" ">
    <subfield code="f">688556@unizar.es</subfield>
  </datafield>
  <datafield tag="856" ind1="4" ind2=" ">
    <subfield code="s">557764</subfield>
    <subfield code="u">http://zaguan.unizar.es/record/111428/files/TAZ-TFG-2020-766.pdf</subfield>
    <subfield code="y">Memoria (spa)</subfield>
  </datafield>
  <datafield tag="909" ind1="C" ind2="O">
    <subfield code="o">oai:zaguan.unizar.es:111428</subfield>
    <subfield code="p">driver</subfield>
    <subfield code="p">trabajos-fin-grado</subfield>
  </datafield>
  <datafield tag="950" ind1=" " ind2=" ">
    <subfield code="a"></subfield>
  </datafield>
  <datafield tag="980" ind1=" " ind2=" ">
    <subfield code="a">TAZ</subfield>
    <subfield code="b">TFG</subfield>
    <subfield code="c">MED</subfield>
  </datafield>
  <datafield tag="999" ind1=" " ind2=" ">
    <subfield code="a">20200528103217.CREATION_DATE</subfield>
  </datafield>
  <datafield tag="951" ind1=" " ind2=" ">
    <subfield code="a">deposita:2022-03-09</subfield>
  </datafield>
</record>
</collection>